Manažment procesu inovačných zmien v malých a stredných podnikoch dizertačná práca

Guardado en:
Detalles Bibliográficos
Autor principal: Gajdošíková, Katarína
Autor Corporativo: Fakulta podnikového manažmentu EU. Katedra manažmentu
Otros Autores: Papulová, Emília
Formato: Libro
Lenguaje:eslovaco
Publicado: Bratislava 2016
Materias:
Etiquetas: Agregar Etiqueta
Sin Etiquetas, Sea el primero en etiquetar este registro!

MARC

LEADER 00000nbm a2200000 4500
001 0222122
005 20240502073636.1
041 0 |a slo 
044 |a SK 
245 1 0 |a Manažment procesu inovačných zmien v malých a stredných podnikoch  |b dizertačná práca  |c Katarína Gajdošíková ; školiteľ: Emília Papulová 
264 1 |a Bratislava  |c 2016 
300 |a 174 s. 
610 2 0 |a inovácia výrobkov 
610 2 0 |a podnik malý 
610 2 0 |a podnik stredný 
610 2 0 |a manažment 
610 2 0 |a riadenie procesné 
100 1 |a Gajdošíková, Katarína 
700 1 |a Papulová, Emília 
710 2 |a Fakulta podnikového manažmentu EU. Katedra manažmentu